000 00662nam a2200205 i 4500
001 141738
003 ES-MaACL
005 20251211135226.0
007 t|
008 070927s1946 mx |||| | spa d
100 1 _aWach, Joachim.
_9115795
245 1 0 _aSociología de la religión /
_cJoachim Wach ; versión española de Adolfo Álvarez-Buylla.
250 _a1ª ed. en español.
260 _aMéxico :
_bFondo de Cultura Económica,
_c1946.
300 _a563 p. ;
_c22 cm.
650 7 _aSociología de la religión
_2embne
_917209
700 1 _aBuylla, Adolfo,
_d1927-1998
_9165936
852 _aES-MaACL
_jB-1845
999 _c141738
_d141738